000 00491nam a2200193Ia 4500
005 20250326141217.0
008 250326s9999 xx 000 0 und d
037 _aTextbook
040 _aFMSL
_beng
_cFMSL
041 _aeng
_2eng
084 _qFMSL
100 _aMarshall JF
_9743951
245 0 _aSwaps market
_cMarshall Jf; Kapner Kr
250 _a2nd ed
260 _aU.S.A.
_bU.S.A., Kolb Publication Co.
_c1993
300 _a258p
942 _cTB
999 _c1289238
_d1289238